000 00287nam a22001337a 4500
008 181122b xxu||||| |||| 00| 0 eng d
020 _a0809459086
041 _aeng
080 _a610
100 _a4
101 _aSHM
245 _aChildhood Medical Guide
_cLuce,H.R
942 _2udc
_cBK
999 _c52370
_d52370